| 000 | 00639nam a2200205Ia 4500 | ||
|---|---|---|---|
| 008 | 191130s2008##################000#0#eng## | ||
| 020 | _a9780786437887 | ||
| 022 | _a2008013240 | ||
| 040 |
_aACL _cACL |
||
| 082 | _a791.4365251 REI | ||
| 100 | _aReiter, Gershon | ||
| 245 |
_aFathers and sons in cinema _cGershon Reiter |
||
| 260 |
_aJefferson, NC _bMcFarland & Company _cc2008 |
||
| 300 | _aviii, 239 p. : ill. ; 23 cm | ||
| 500 | _aIncludes bibliographical references (p. 225-226) and index | ||
| 650 | _aFathers and sons in motion pictures | ||
| 990 | _aca11cf96ac10000c2de0df2a85c19c8b | ||
| 991 | _a360745 | ||
| 999 |
_c182087 _d182087 |
||